000 00792nam a2200205 a 4500
001 000047895
005 20250924073804.0
008 181002s2017 dr 000 0 spa d
020 _a9789945498899
040 _aDO-SdBNP
_bspa
_cBNPHU
082 _axx
_bxx
100 1 _aJiménez Santos, Celedonio
_914500
245 1 0 _aCrisis de las instituciones sociales y sistema de valores de menores en conflicto con la ley /
_cCeledonio Jiménez Santos.
260 _aSanto Domingo :
_bEditora Universitaria,
_c2017.
300 _a475 p. ;
_c26 cm.
490 1 _aPublicaciones de la Universidad Autónoma de Santo Domingo
590 _aInventariado, 2018/VM
500 _aIncluye datos biográficos del autor en la solapa
830 1 _aPublicaciones de la Universidad Autónoma de Santo Domingo
_952
999 _c47383
_d47383